The Complete Guide for LLB; (Record no. 205791)
[ view plain ]
| 000 -LEADER | |
|---|---|
| fixed length control field | 00692nam a22001937a 4500 |
| 005 - DATE AND TIME OF LATEST TRANSACTION | |
| control field | 20240912164949.0 |
| 010 ## - LCCN (DPL NO) | |
| LC control number | B-760278 RP |
| 020 ## - INTERNATIONAL STANDARD BOOK NUMBER | |
| Terms of availability | 340.00 |
| International Standard Book Number | 1295.00 |
| 035 ## - SYSTEM CONTROL NUMBER | |
| System control number | B-760278 |
| 037 ## - SOURCE OF ACQUISITION | |
| Source of stock number/acquisition | Akshresh Enterprises |
| 082 ## - DEWEY DECIMAL CLASSIFICATION NUMBER | |
| Classification number | 000 |
| 245 ## - TITLE STATEMENT | |
| Title | The Complete Guide for LLB; |
| Remainder of title | Entrance Examination 2024-25/ |
| 260 ## - PUBLICATION, DISTRIBUTION, ETC. (IMPRINT) | |
| Place of publication, distribution, etc | Delhi |
| Name of publisher, distributor, etc | Learnx Edsys PVT |
| 270 ## - ADDRESS | |
| City | Delhi |
| Address | |
| 300 ## - PHYSICAL DESCRIPTION | |
| Extent | Vp. |
| Dimensions | 28cm(pbk) |
| 700 ## - ADDED ENTRY--PERSONAL NAME | |
| Personal name | Verma Kunal |
| 9 (RLIN) | 59337 |
| 942 ## - ADDED ENTRY ELEMENTS (KOHA) | |
| Source of classification or shelving scheme | Dewey Decimal Classification |
| Item type | English Books |
| Classification part | 000 |
| Call number suffix | THE |
| Withdrawn status | Lost status | Not for loan | Collection code | Home library | Current library | Date acquired | Source of acquisition | Cost, normal purchase price | Full call number | Barcode | Copy number | Cost, replacement price | Koha item type |
|---|---|---|---|---|---|---|---|---|---|---|---|---|---|
| Non-fiction | R.K.Puram-8 | R.K.Puram-8 | 12/09/2024 | Akshresh Enterprises/RP/183/11.9.24/828/6.9.24/12.9.24 | 1295.00 | 000 THE | B-760278 | 1 | 1295.00 | English Books |
